000 00442nam a22001457a 4500
008 250525b |||||||| |||| 00| 0 eng d
020 _a9789785166293
050 _aZA3155
_b.O34
100 _aOchogwu, Michael.G.
245 _aDirectory of nalis members and list of library & information science schools in nigeria
260 _aLagos
_bZeh- communication
_c2020
300 _aviii, 1q64p.
_bill
650 _alist of libraries
942 _cBK
999 _c3679
_d3679